[Event "AUT-chT2M 1920"]
[Site "Austria"]
[Date "2019.11.09"]
[Round "5.2"]
[White "Sandhoefner, Florian"]
[Black "Ly, Dominik"]
[Result "1-0"]
[WhiteElo "2323"]
[BlackElo "2228"]
[PlyCount "113"]
[EventDate "2019.10.11"]
[EventType "team-tourn"]
[EventRounds "11"]
[EventCountry "AUT"]
[SourceTitle "CBM 192 Extra"]
[Source "Chessbase"]
[SourceDate "2019.11.06"]
[SourceVersion "1"]
[SourceVersionDate "2019.11.06"]
[SourceQuality "1"]
[WhiteTeam "St Valentin"]
[BlackTeam "Freistadt/Wartberg"]
[WhiteTeamCountry "AUT"]
[BlackTeamCountry "AUT"]

1. e4 c5 2. Nf3 d6 3. d4 cxd4 4. Nxd4 Nf6 5. Nc3 Nc6 6. Be2 e5 7. Nb3 Be6 8. 0-0 d5 9. exd5 Nxd5 10. Nxd5 Bxd5 11. Be3 Be7 12. c4 Be6 13. Nc5 Bxc5 14. Bxc5 Qa5 15. b4 Qc7 16. Bd6 Qd7 17. b5 Nd4 18. Bxe5 Nxe2+ 19. Qxe2 0-0 20. Rfd1 Qc8 21. Rac1 Rd8 22. Rxd8+ Qxd8 23. c5 Qd5 24. a4 Rc8 25. Qe3 Bf5 26. Qd4 Qxd4 27. Bxd4 Bd7 28. Rd1 Be8 29. Re1 Bd7 30. f3 Kf8 31. Be5 Be6 32. Bd6+ Kg8 33. Kf2 a6 34. bxa6 bxa6 35. Rb1 Bd7 36. Rb6 Bxa4 37. Rxa6 Bb5 38. Rb6 Bc6 39. Ke3 f6 40. Kd4 Kf7 41. Ra6 Ke6 42. Ra7 Bd7 43. f4 g6 44. g4 f5 45. g5 Re8 46. Ra3 Bc6 47. Rh3 Rh8 48. Kc4 Bg2 49. Rh6 Bc6 50. Be5 Rd8 51. Rxh7 Rd7 52. Rh6 Kf7 53. h4 Bf3 54. c6 Bxc6 55. h5 Bd5+ 56. Kc5 gxh5 57. Rh7+ 1-0

[Event "AUT-chT2M 1920"]
[Site "Austria"]
[Date "2019.10.13"]
[Round "3.1"]
[White "Sandhoefner, Florian"]
[Black "Mostbauer, Maximilian"]
[Result "1-0"]
[WhiteElo "2323"]
[BlackElo "2225"]
[PlyCount "93"]
[EventDate "2019.10.11"]
[EventType "team-tourn"]
[EventRounds "11"]
[EventCountry "AUT"]
[SourceTitle "CBM 192 Extra"]
[Source "Chessbase"]
[SourceDate "2019.11.06"]
[SourceVersion "1"]
[SourceVersionDate "2019.11.06"]
[SourceQuality "1"]
[WhiteTeam "St Valentin"]
[BlackTeam "Nettingsdorf/Traun"]
[WhiteTeamCountry "AUT"]
[BlackTeamCountry "AUT"]

1. e4 e6 2. d4 d5 3. Nd2 dxe4 4. Nxe4 Nd7 5. Nf3 Ngf6 6. Nxf6+ Nxf6 7. Bd3 c5 8. dxc5 Bxc5 9. Qe2 0-0 10. 0-0 b6 11. Bg5 Bb7 12. Rad1 Qc7 13. Ne5 Be7 14. c4 Rad8 15. a3 Ne8 16. Bxe7 Qxe7 17. Rd2 Nf6 18. Rfd1 g6 19. Bc2 Qc7 20. f4 Rxd2 21. Qxd2 Rc8 22. Qd4 Qc5 23. b4 Qxd4+ 24. Rxd4 Kf8 25. g4 Rc7 26. g5 Nh5 27. Bd1 f6 28. Nd7+ Ke7 29. Bxh5 fxg5 30. Ne5 gxh5 31. fxg5 h6 32. h4 hxg5 33. hxg5 Bc6 34. Kh2 Be8 35. Kg3 b5 36. c5 a5 37. Rd6 axb4 38. axb4 Ra7 39. Nc6+ Bxc6 40. Rxc6 Ra1 41. Rc7+ Ke8 42. Kf4 Rg1 43. Rh7 Rg4+ 44. Ke5 Rxg5+ 45. Kxe6 Kd8 46. c6 h4 47. Kd6 1-0

[Event "Niederoesterreich Landesliga 1920"]
[Site "Austria"]
[Date "2019.09.22"]
[Round "1.1"]
[White "Sandhoefner, Florian"]
[Black "Vyskocil, Neklan"]
[Result "1-0"]
[WhiteElo "2321"]
[BlackElo "2306"]
[PlyCount "81"]
[EventDate "2019.09.22"]
[EventType "team-tourn"]
[EventRounds "9"]
[EventCountry "AUT"]
[SourceTitle "CBM 195 Extra"]
[Source "ChessBase"]
[SourceDate "2020.05.31"]
[SourceVersion "1"]
[SourceVersionDate "2020.05.31"]
[SourceQuality "1"]
[WhiteTeam "Amstetten"]
[BlackTeam "Zwettl"]
[WhiteTeamCountry "AUT"]
[BlackTeamCountry "AUT"]

1. e4 c5 2. Nf3 Nc6 3. d4 cxd4 4. Nxd4 Nf6 5. Nc3 e5 6. Ndb5 d6 7. Be3 a6 8. Na3 b5 9. Nd5 Nxd5 10. exd5 Ne7 11. c4 Nf5 12. Bd2 Qh4 13. Bd3 Be7 14. 0-0 0-0 15. cxb5 Nd4 16. bxa6 f5 17. Be3 f4 18. Bxd4 f3 19. Re1 exd4 20. g3 Qf6 21. Nb5 Bd8 22. Re4 Qh6 23. Nxd4 Bf6 24. Nxf3 Bxa6 25. Bxa6 Rxa6 26. Qe2 Rb6 27. Re8 Bxb2 28. Rxf8+ Kxf8 29. Re1 Rb8 30. Qe7+ Kg8 31. Ng5 Rf8 32. Ne6 Rc8 33. Qb7 Rc1 34. Qb8+ Kf7 35. Nd8+ Kg6 36. Qxd6+ Bf6 37. Rxc1 Qxc1+ 38. Kg2 Qc4 39. Qe6 Qxa2 40. Nc6 h6 41. Ne7+ 1-0